00579nam a2200169Ia 450000500170000001000170001702000260003403500170006003700290007708200130010624500900011926000290020927000550023830000720029370000230036570000210038820140513144734.0 aB-521106-117 a9788131912454c125.00 aB-521106-117 adplbBlueberry Books/Ven a530bPHY aPhysics: work, force and energy/cedited by Anil Kumar, Tomar [and] Pallabi, B.Tomar aNew DelhibPegasusc2012 a1921/10, Chuna Mandi, PaharganjbNew Delhie110055 a31p.bcol.illc27cm(Hb)apegasus is an imprint of B.Jain Publishers aTomar, Anil Kumar  aTomar, Pallabi.B